serun
ՀԱՅ ԳԻՐՔ = Armenian Book

Կին եւ ինքնութիւններ. Լուսիա Չոլաքեան = (Record no. 166134)

000 -LEADER
fixed length control field nam a22 a 4500
003 - CONTROL NUMBER IDENTIFIER
control field AM-YeNLA
005 - DATE AND TIME OF LATEST TRANSACTION
control field 20260406150020.0
007 - PHYSICAL DESCRIPTION FIXED FIELD--GENERAL INFORMATION
fixed length control field ta
008 - FIXED-LENGTH DATA ELEMENTS--GENERAL INFORMATION
fixed length control field 260406s2025 ai a|||grc||||000|0|arm||
020 ## - INTERNATIONAL STANDARD BOOK NUMBER
International Standard Book Number 978-9939-966-26-7
040 ## - CATALOGING SOURCE
Language of cataloging arm
Transcribing agency AM-YeNLA
041 0# - LANGUAGE CODE
Language code of text/sound track or separate title arm
041 0# - LANGUAGE CODE
Language code of text/sound track or separate title fre
041 0# - LANGUAGE CODE
Language code of text/sound track or separate title eng
245 00 - TITLE STATEMENT
Title Կին եւ ինքնութիւններ. Լուսիա Չոլաքեան =
Remainder of title Femme et identité = Woman and identities. Lucia Choulakian /
Statement of responsibility, etc. Առաջաբանի հեղինակ՝ Է. Հաբեթեան, Ս. Գասպարեան ; [Կազմող՝ Ս. Գասպարեան ; Լուսանկար՝ Լ. Չոլաքեան, Վ. Հակոբյան ; Թարգմանիչ՝ Ա. Բրդոյեան ; Ձևավորող՝ Մ. Մաթևոսյան].
246 11 - VARYING FORM OF TITLE
Title proper/short title Femme et identité
246 11 - VARYING FORM OF TITLE
Title proper/short title Woman and identities. Lucia Choulakian
260 ## - PUBLICATION, DISTRIBUTION, ETC. (IMPRINT)
Place of publication, distribution, etc. Երևան ։
Name of publisher, distributor, etc. Ակտուալ արվեստ,
Date of publication, distribution, etc. 2024.
300 ## - PHYSICAL DESCRIPTION
Extent 91 էջ ։
Other physical details գուն. լուսանկ., նկ. ;
Dimensions 23x32 սմ.
546 ## - LANGUAGE NOTE
Language note Բնագիրը՝ հայ., ֆռանս. և անգլ.։
600 14 - SUBJECT ADDED ENTRY--PERSONAL NAME
Personal name Չոլաքյան, Լուսիա
General subdivision Լուսանկարների անհատական ցուցահանդեսներ
Form subdivision Կենսագրություն
650 14 - SUBJECT ADDED ENTRY--TOPICAL TERM
Topical term or geographic name as entry element Սփյուռքահայ նկարիչներ
700 1# - ADDED ENTRY--PERSONAL NAME
Personal name Հաբեթեան, Էդմոնդ
Relator term առաջաբան
Relator code aui
700 1# - ADDED ENTRY--PERSONAL NAME
Personal name Գասպարեան, Սիլվիա
Relator term առաջաբան
Relator code aui
Relator term կազմող
Relator code com
700 1# - ADDED ENTRY--PERSONAL NAME
Personal name Չոլաքեան, Լուսիա
Relator term լուսանկարիչ
Relator code pht
9 (RLIN) 45982
700 1# - ADDED ENTRY--PERSONAL NAME
Personal name Հակոբյան, Վռամ
Relator term լուսանկարիչ
Relator code pht
700 1# - ADDED ENTRY--PERSONAL NAME
Personal name Բրդոյեան, Անի
Relator term թարգմանիչ
Relator code trl
700 1# - ADDED ENTRY--PERSONAL NAME
Personal name Մաթևոսյան, Մկրտիչ
Relator term ձևավորող
Relator code bjd
942 ## - ADDED ENTRY ELEMENTS (KOHA)
Source of classification or shelving scheme
Koha item type Books
Holdings
Withdrawn status Lost status Source of classification or shelving scheme Damaged status Not for loan Permanent Location Current Location Date acquired Inventory number Date last seen Price effective from Koha item type
          National Library of Armenia National Library of Armenia 2026-04-06 ՀԱԳ 2026-04-06 2026-04-06 Books

Հայաստանի ազգային գրադարան ՀՀ, 0009,Երևան, Տերյան 72
Հետադարձ կապ